01070naa#a2200193#i#4500001001600000005001700016011001400033100004100047102000700088200025500095210023600350215001100586608004500597675005400642700006000696700004400756700005200800856002400852RU\\bibl\10528820260602161023.2##a2312-7937##a20251030b2025####ek#y0rusy0150####ca##aRU1#aВЕХИ ИСТОРИИ ОРГАНОВ ВНУТРЕННИХ ДЕЛ В КОНТЕКСТЕ ИСПРАВИТЕЛЬНО-ТРУДОВОЙ ПОЛИТИКИ ГОСУДАРСТВА 1935-1940 ГОДОВ XX СТОЛЕТИЯeЖурнальная статья1#aДомодедовоcВсероссийский институт повышения квалификации сотрудников Министерства внутренних дел Российской Федерацииd2025##a12 с.##aЖурнальная статья2local##aПраво. Юридические науки. 34#1aКашкинаgЕкатерина Валерьевна#1aКашкинgОлег Игоревич#1aХрамовgМихаил Евгеньевич4#avipkmvd.editorum.ru